000 00486nam a2200181Ia 4500
003 GCL
008 140319s9999 xx 000 0 eng d
020 _a1856056783
040 _aGCL /
_cGCL
082 0 4 _a746.62
_bE I
100 1 _aPARKHAM ASH, BIDEFORD
245 1 0 _aAN INTRODUCTION TO SILK PAINTING /
_cPARKHAM ASH, BIDEFORD
260 _a[S.N] :
_bCAROLINE EARL ،
_c2002
300 _a111 P ؛
_c30 cm.
650 0 4 _aSILK PAINTING
650 0 4 _aCOLOR IN ART
942 _2ddc
_cBK
999 _c6592
_d6592